Tranzistor HEMT ako súčasť elektronického vzdelávania

Gespeichert in:
Bibliographische Detailangaben
1. Verfasser: Solčiansky, Michal, 1986- (Verfasst von)
Weitere Verfasser: Stuchlíková, Ľubica, 1967- (Betreuung Doktorarbeit)
Format: Manuskript Buch
Sprache:Slowakisch
Veröffentlicht: Bratislava : STU v Bratislave FEI, 2013
Schlagworte:
Online-Zugang:VAIS
Tags: Tag hinzufügen
Keine Tags, Fügen Sie das erste Tag hinzu!

MARC

LEADER 00000ntm a22000003a 4500
001 stu271181
005 20150617230234.0
008 130718s2013----xo------------------slo-d
040 |a STU  |b slo 
041 0 |a slo 
044 |a xo 
100 1 |a Solčiansky, Michal,  |d 1986-  |4 aut  |u E  |T FEI Fakulta elektrotechniky a informatiky  |X 35377  |U E  |Y 30  |7 A000035377 
242 0 0 |a HEMT transistor as part of e-learning  |y eng 
245 1 |a Tranzistor HEMT ako súčasť elektronického vzdelávania 
260 |a Bratislava :  |b STU v Bratislave FEI,  |c 2013 
300 |a 33 s  |c DVD 
650 7 |a Aplikovaná informatika  |2 stusub 
650 7 |a Applied Informatics  |2 estusub 
650 7 |a Adobe Flash  |2 stusub 
700 1 |a Stuchlíková, Ľubica,  |d 1967-  |4 ths  |u E030  |U FEI Fakulta elektrotechniky a informatiky  |T FEI Ústav elektroniky a fotoniky  |X 1997  |U E030  |Y 549  |7 A000001997 
856 4 |a info a plný text  |u http://is.stuba.sk/zp/portal_zp.pl?podrobnosti=65960  |3 VAIS 
996 |b 284ER01182  |c E*Bc-1182  |l EE33  |s P  |a 0  |w stu271181_0001